États des États-Unis - Statistiques

Statistiques générales
  • Ce quiz a été pris 99 fois
  • Le résultat moyen est 7 sur 15
Statistiques - réponses
Question Réponse % Correct
Dans quel état américain peut-on trouver la Statue de la Liberté? New York
100%
Quel est le plus grand État américain? Alaska
88%
Quelle abréviation d'état américain représente le Colorado? CO
88%
Quel a été le dernier État américain á devenir un État? Hawaii
88%
Dans quel état américain trouve-t-on Disney World? Floride
75%
Combien les États-Unis ont-ils payé á la Russie pour leur 49e État, l'Alaska? 7.2 millions de dollars
38%
Quel était le premier État américain? Delaware
38%
Dans quel état américain Michael Jackson est-il né? Indiana
38%
Oú est né Donald Trump? New York
38%
Dans quel état américain est né Christian Pulisic? Pennsylvanie
25%
Quel État américain a été le premier á abolir la peine de mort? Virginie
25%
Quand le Nouveau-Mexique est-il devenu un État américain? 6/1/1912
13%
Dans quel État américain est-il illégal de posséder une gerbille? Californie
13%
Oú le film Gotham a-t-il été tourné? New York
13%
Quel État américain a le taux de criminalité le plus élevé annuellement? Alaska
0%
Aucun quiz correspondant
Distribution des résultats
% des personnes avec chaque résultat
Percentile par nombre de réponses
Votre historique - résultats
Vous n’avez pas pris ce quiz